| 000 | 00408nam a22001457a 4500 | ||
|---|---|---|---|
| 020 | _a8178084228 | ||
| 040 | _cNUST | ||
| 082 |
_a621.382 _bSTA |
||
| 100 |
_aWilliam Stallings _9669 |
||
| 245 | _aISDN And Broadband ISDN with Frame Relay and ATM | ||
| 250 | _aFourth Edition | ||
| 260 |
_aIndia: _bPearson Education, _c2002. |
||
| 650 | _2ISDN And Broadband ISDN with Frame Relay and ATM | ||
| 942 |
_2ddc _cBK |
||
| 999 |
_c611077 _d611077 |
||